U.S. States With The Lowest Percentage of Covid-19 Vaccinated People - Statistics

General Stats
  • This quiz has been taken 55 times
  • The average score is 13 of 15
Answer Stats
Rank (#1 being least vaccinated) % of Vaccinated State % Correct
1 34.59% Alabama
100%
14 43.97% North Carolina
96%
12 40.84% South Carolina
96%
2 34.78% Mississippi
94%
8 39.09% West Virginia
94%
7 38.67% Georgia
91%
15 44.18% Texas
91%
5 37.15% Louisiana
89%
4 37.05% Arkansas
87%
11 40.51% Oklahoma
87%
6 37.54% Idaho
85%
13 41.63% Missouri
85%
9 39.3% Tennessee
85%
10 40.22% North Dakota
83%
3 36.71% Wyoming
83%
No matching quizzes found
Score Distribution
Percent of People with Each Score
Percentile by Number Answered
Your Score History
You have not taken this quiz